| 000 | 01128nam a2200313 c 4500 | ||
|---|---|---|---|
| 001 | 000030478 | ||
| 003 | RuMoIPM | ||
| 005 | 20260505122210.0 | ||
| 008 | 230210s1976 ru ||||||| |||| ||rus d | ||
| 035 | _a(RuMoBEN) 001988227 | ||
| 035 | _a(ELAR retro) [2022] 000070731 | ||
| 040 |
_aRuMoBEN _brus _ercr |
||
| 041 | 0 |
_arus _heng |
|
| 044 | _aru | ||
| 080 | _a53.08 | ||
| 080 | _a531.7.08 | ||
| 080 | _a519 | ||
| 080 | _a681.142 | ||
| 100 | 1 | _aПфанцагль, Иоганн | |
| 245 | 1 | 0 |
_aТеория измерений _cИ. Пфанцагль при участии В. Бауманна и Г. Хубера ; [пер. с англ. В. Б. Кузьмина ; под ред. С. В. Овчинникова] |
| 260 |
_aМосква _bМир _c1976 |
||
| 300 |
_a248 с. _bил., табл. |
||
| 500 | _aПер. изд.: Theory of measurement / by Johann Pfanzagl. - 2nd rev. ed. - Würzburg ; Wien : Physica-Verl., 1971 | ||
| 504 | _aБиблиогр.: с. 233-240 | ||
| 504 | _aИмен. и предм. указ.: с. 242-245 | ||
| 700 | 1 | _aБауманн, В. | |
| 700 | 1 | _aХубер, Г. | |
| 942 | _cBK | ||
| 999 |
_c30478 _d30478 |
||